000 00313nam a2200133Ia 4500
008 191201s2004 xx 000 0 und d
100 _aMORGAN, Rebecca
245 0 _aCalming Upset Customers
250 _a3rd
260 _aN.Delhi
_bViva Books
_c2004
300 _a80
650 _aGeneral Books
942 _2ddc
_cBK
999 _c2444
_d2444